名侦探柯南剧场版 Detective Conan Films - Statistics

General Stats
  • This quiz has been taken 29 times
  • The average score is 18 of 28
Answer Stats
年份 答案 % Correct
6 2002 贝克街的亡灵
96%
3 1999 世纪末的魔术师
83%
10 2006 侦探们的镇魂歌
83%
7 2003 迷宫的十字路口
78%
5 2001 通往天国的倒计时
74%
2 1998 第14个目标
74%
4 2000 瞳孔中的暗杀者
70%
8 2004 银翼的魔术师
70%
9 2005 水平线上的阴谋
70%
11 2007 绀碧之棺
70%
1 1997 计时引爆摩天楼
65%
12 2008 战栗的乐谱
65%
13 2009 漆黑的追踪者
65%
14 2010 天空的遇难船
65%
19 2015 业火的向日葵
65%
22 2018 零的执行人
65%
26 2023 黑铁的鱼影
65%
16 2012 第11个前锋
65%
21 2017 唐红的恋歌
61%
23 2019 绀青之拳
61%
25 2022 万圣节的新娘
57%
15 2011 沉默的15分钟
57%
17 2013 绝海的侦探
52%
24 2021 绯色的子弹
48%
28 2025 独眼的残像
48%
27 2024 100万美元的五棱星
48%
18 2014 异次元的狙击手
43%
20 2016 纯黑的噩梦
43%
No matching quizzes found
Score Distribution
Percent of People with Each Score
Percentile by Number Answered
Your Score History
You have not taken this quiz